| 000 | 00767nam a22002297a 4500 | ||
|---|---|---|---|
| 999 |
_c11875 _d11875 |
||
| 001 | 11875 | ||
| 003 | BD-JhCC | ||
| 005 | 20201123104317.0 | ||
| 008 | 201123b2009 xxu||||| |||| 00| 0 ben d | ||
| 020 | _a9847011200859 | ||
| 035 | _a(BD-JhCC) 11875 | ||
| 040 |
_aBD-JhCC _dBD-JhCC |
||
| 041 | _aben | ||
| 082 |
_a891.442 _bNAT 2009 |
||
| 245 |
_aবিশ্বের সেরা চার নাটক / _cঅনুঃ কবীর চৌধুরী |
||
| 260 |
_aঢাকাঃ _bঝিনুক প্রকাশনী, _c২০০৯. |
||
| 300 |
_a৩১৯ পৃ. ; _c২২ সেমি. |
||
| 650 |
_aForeign Drama _vBangladesh |
||
| 700 | _aচৌধুরী, কবীর | ||
| 942 |
_2ddc _cBK |
||